Politics and society in South Africa : (Record no. 8794)

MARC details
000 -LEADER
fixed length control field 01447nac a22003611i 4500
003 - CONTROL NUMBER IDENTIFIER
control field EG-ScBUE
005 - DATE AND TIME OF LATEST TRANSACTION
control field 20240805123052.0
008 - FIXED-LENGTH DATA ELEMENTS--GENERAL INFORMATION
fixed length control field 240805s2001 enkb f b 001 0 eng d
020 ## - INTERNATIONAL STANDARD BOOK NUMBER
International Standard Book Number 9780761950172
020 ## - INTERNATIONAL STANDARD BOOK NUMBER
International Standard Book Number 0761950176 (pbk.)
035 ## - SYSTEM CONTROL NUMBER
System control number (OCoLC)ocm45867246
040 ## - CATALOGING SOURCE
Original cataloging agency EG-ScBUE
Language of cataloging eng
Description conventions rda
Transcribing agency EG-ScBUE
Modifying agency EG-ScBUE
043 ## - GEOGRAPHIC AREA CODE
Geographic area code f-sa---
082 04 - DEWEY DECIMAL CLASSIFICATION NUMBER
Classification number 968.06
Item number GLA
Edition number 22
100 1# - MAIN ENTRY--PERSONAL NAME
Personal name Glaser, Daryl,
Relator term author.
245 10 - TITLE STATEMENT
Title Politics and society in South Africa :
Remainder of title a critical introduction /
Statement of responsibility, etc Daryl Glaser.
264 #1 - PUBLICATION, DISTRIBUTION, ETC. (IMPRINT)
Place of publication, distribution, etc London :
Name of publisher, distributor, etc Sage Publication Ltd,
Date of publication, distribution, etc 2001.
300 ## - PHYSICAL DESCRIPTION
Extent xviii, 278 pages :
Other physical details maps ;
Dimensions 24 cm
336 ## - CONTENT TYPE
Source rdacontent
Content type term text
Content type code txt
337 ## - MEDIA TYPE
Media type term unmediated
Source rdamedia
Media type code n
338 ## - CARRIER TYPE
Carrier type term volume
Carrier type code nc
Source rdacarrier
504 ## - BIBLIOGRAPHY, ETC. NOTE
Bibliography, etc Includes bibliographical references and index.
650 #7 - SUBJECT ADDED ENTRY--TOPICAL TERM
Topical term or geographic name as entry element Political science
Geographic subdivision South Africa
General subdivision History.
Source of heading or term BUEsh
651 #7 - SUBJECT ADDED ENTRY--GEOGRAPHIC NAME
Geographic name South Africa
General subdivision Politics and government.
Source of heading or term BUEsh
651 #7 - SUBJECT ADDED ENTRY--GEOGRAPHIC NAME
Geographic name South Africa
General subdivision Economic conditions.
Source of heading or term BUEsh
651 #7 - SUBJECT ADDED ENTRY--GEOGRAPHIC NAME
Geographic name South Africa
General subdivision Social conditions.
Source of heading or term BUEsh
651 #7 - SUBJECT ADDED ENTRY--GEOGRAPHIC NAME
Geographic name South Africa
General subdivision Race relations
-- History.
Source of heading or term BUEsh
655 ## - INDEX TERM--GENRE/FORM
Form subdivision Reading book
856 42 - ELECTRONIC LOCATION AND ACCESS
Materials specified Book review (H-Net)
Uniform Resource Identifier <a href="http://www.h-net.org/review/hrev-a0c8a7-aa">http://www.h-net.org/review/hrev-a0c8a7-aa</a>
856 42 - ELECTRONIC LOCATION AND ACCESS
Materials specified Publisher description
Uniform Resource Identifier <a href="http://www.loc.gov/catdir/enhancements/fy0656/2001266408-d.html">http://www.loc.gov/catdir/enhancements/fy0656/2001266408-d.html</a>
856 42 - ELECTRONIC LOCATION AND ACCESS
Materials specified Table of contents only
Uniform Resource Identifier <a href="http://www.loc.gov/catdir/enhancements/fy0656/2001266408-t.html">http://www.loc.gov/catdir/enhancements/fy0656/2001266408-t.html</a>
942 ## - ADDED ENTRY ELEMENTS (KOHA)
Koha item type Book - Borrowing
Source of classification or shelving scheme Dewey Decimal Classification
Holdings
Withdrawn status Lost status Source of classification or shelving scheme Damaged status Not for loan Collection code Home library Current library Shelving location Date acquired Source of acquisition Total Checkouts Total Renewals Full call number Barcode Date last seen Date checked out Price effective from Koha item type
    Dewey Decimal Classification     Alahram Central Library Central Library Second Floor 24/03/2008 Purchase 7 17 968.06 GLA 000010523 15/07/2025 05/08/2021 24/03/2008 Book - Borrowing